[Event "ODJM B 2024"]
[Site "Willingen GER"]
[Date "2024.05.22"]
[Round "6"]
[White "Stepanjan, Tatevik Mia"]
[Black "Farokhi, Darian"]
[Result "0-1"]
[Termination "normal"]
[Board "40"]
[WhiteElo "1582"]
[BlackElo "1691"]
[WhiteClock "01:00:43"]
[BlackClock "00:52:18"]
[PlyCount "44"]
[WhiteFideId "16246128"]
[BlackFideId "16253108"]
[EventCountry "GER"]
[EventRounds "9"]
[EventType "swiss"]
[EventDate "2024.05.18"]

1. e4 {[%clk 01:30:58]} c5 {[%clk 01:30:54]} {[%emt 00:00:07]} 2. Nf3 {[%clk
01:31:19]} {[%emt 00:00:08]} g6 {[%clk 01:31:12]} {[%emt 00:00:12]} 3. d4
{[%clk 01:31:13]} {[%emt 00:00:36]} cxd4 {[%clk 01:31:38]} {[%emt 00:00:05]} 4.
Nxd4 {[%clk 01:31:36]} {[%emt 00:00:07]} Bg7 {[%clk 01:31:56]} {[%emt
00:00:12]} 5. Nc3 {[%clk 01:31:48]} {[%emt 00:00:18]} Nc6 {[%clk 01:32:21]}
{[%emt 00:00:04]} 6. Be3 {[%clk 01:31:32]} {[%emt 00:00:46]} Nf6 {[%clk
01:32:40]} {[%emt 00:00:12]} 7. Bc4 {[%clk 01:29:38]} {[%emt 00:02:24]} O-O
{[%clk 01:32:23]} {[%emt 00:00:48]} 8. O-O {[%clk 01:29:52]} {[%emt 00:00:15]}
d6 {[%clk 01:28:40]} {[%emt 00:04:13]} 9. Re1 {[%clk 01:26:53]} {[%emt
00:03:29]} Ng4 {[%clk 01:16:01]} {[%emt 00:13:10]} 10. Nxc6 {[%clk 01:25:48]}
{[%emt 00:01:35]} bxc6 {[%clk 01:14:55]} {[%emt 00:01:36]} 11. Bd2 {[%clk
01:25:07]} {[%emt 00:01:11]} Qb6 {[%clk 01:14:31]} {[%emt 00:00:53]} 12. Qf3
{[%clk 01:17:45]} {[%emt 00:07:52]} Bd4 {[%clk 01:09:03]} {[%emt 00:05:59]} 13.
Be3 {[%clk 01:15:36]} {[%emt 00:02:39]} Bxe3 {[%clk 01:08:17]} {[%emt
00:01:16]} 14. fxe3 {[%clk 01:15:47]} {[%emt 00:00:19]} Qxb2 {[%clk 01:07:12]}
{[%emt 00:01:35]} 15. Ne2 {[%clk 01:09:23]} {[%emt 00:06:54]} Ne5 {[%clk
01:07:08]} {[%emt 00:00:35]} 16. Bxf7+ {[%clk 01:07:12]} {[%emt 00:02:41]} Rxf7
{[%clk 01:07:09]} {[%emt 00:00:29]} 17. Qg3 {[%clk 01:05:26]} {[%emt 00:02:16]}
Qxc2 {[%clk 01:06:41]} {[%emt 00:00:58]} 18. Qh4 {[%clk 01:03:15]} {[%emt
00:02:41]} c5 {[%clk 00:53:17]} {[%emt 00:13:55]} 19. a3 {[%clk 01:02:06]}
{[%emt 00:01:39]} Nd3 {[%clk 00:52:01]} {[%emt 00:01:46]} 20. Rf1 {[%clk
01:00:54]} {[%emt 00:01:41]} Rxf1+ {[%clk 00:51:41]} {[%emt 00:00:50]} 21. Rxf1
{[%clk 01:01:12]} {[%emt 00:00:12]} Qxe2 {[%clk 00:51:55]} {[%emt 00:00:17]}
22. Qxe7 {[%clk 01:00:43]} {[%emt 00:00:59]} Qxe3+ {[%clk 00:52:18]} {[%emt
00:00:08]} 0-1

[Event "ODJM B 2024"]
[Site "Willingen GER"]
[Date "2024.05.22"]
[Round "6"]
[White "Mahr, Thorben"]
[Black "Göb, Franziska"]
[Result "1/2-1/2"]
[Termination "normal"]
[Board "41"]
[WhiteElo "1496"]
[BlackElo "1602"]
[WhiteClock "01:06:40"]
[BlackClock "00:07:53"]
[PlyCount "76"]
[WhiteFideId "34699589"]
[BlackFideId "16293177"]
[EventCountry "GER"]
[EventRounds "9"]
[EventType "swiss"]
[EventDate "2024.05.18"]

1. e4 {[%clk 01:30:53]} {[%emt 00:00:06]} e5 {[%clk 01:30:55]} {[%emt
00:00:05]} 2. Nf3 {[%clk 01:31:15]} {[%emt 00:00:08]} Nc6 {[%clk 01:31:22]}
{[%emt 00:00:04]} 3. Bb5 {[%clk 01:31:39]} {[%emt 00:00:06]} Nf6 {[%clk
01:31:46]} {[%emt 00:00:05]} 4. Nc3 {[%clk 01:31:59]} {[%emt 00:00:10]} Nd4
{[%clk 01:32:12]} {[%emt 00:00:04]} 5. Bc4 {[%clk 01:30:55]} {[%emt 00:01:35]}
Nxf3+ {[%clk 01:32:25]} {[%emt 00:00:17]} 6. Qxf3 {[%clk 01:31:13]} {[%emt
00:00:11]} c6 {[%clk 01:31:05]} {[%emt 00:01:50]} 7. d3 {[%clk 01:30:54]}
{[%emt 00:00:49]} d6 {[%clk 01:31:22]} {[%emt 00:00:12]} 8. Bg5 {[%clk
01:30:39]} {[%emt 00:00:45]} Be7 {[%clk 01:31:41]} {[%emt 00:00:10]} 9. h3
{[%clk 01:25:38]} {[%emt 00:05:32]} Bd7 {[%clk 01:28:14]} {[%emt 00:03:57]} 10.
Bb3 {[%clk 01:25:27]} {[%emt 00:00:41]} a5 {[%clk 01:26:50]} {[%emt 00:01:54]}
11. a4 {[%clk 01:25:08]} {[%emt 00:00:49]} Qc7 {[%clk 01:22:51]} {[%emt
00:04:29]} 12. Qe3 {[%clk 01:23:55]} {[%emt 00:01:43]} h6 {[%clk 01:17:28]}
{[%emt 00:05:53]} 13. Bh4 {[%clk 01:23:15]} {[%emt 00:01:07]} O-O {[%clk
01:06:27]} {[%emt 00:11:34]} 14. O-O {[%clk 01:23:03]} {[%emt 00:00:42]} Rfe8
{[%clk 01:01:37]} {[%emt 00:05:20]} 15. Bxf6 {[%clk 01:16:43]} {[%emt
00:06:49]} Bxf6 {[%clk 01:01:54]} {[%emt 00:00:14]} 16. f4 {[%clk 01:16:52]}
{[%emt 00:00:21]} exf4 {[%clk 00:57:20]} {[%emt 00:05:05]} 17. Qxf4 {[%clk
01:16:27]} {[%emt 00:00:54]} Be6 {[%clk 00:53:38]} {[%emt 00:04:12]} 18. Ra3
{[%clk 01:13:53]} {[%emt 00:03:05]} Rad8 {[%clk 00:45:45]} {[%emt 00:08:22]}
19. Kh1 {[%clk 01:12:53]} {[%emt 00:01:29]} Bxb3 {[%clk 00:36:04]} {[%emt
00:10:13]} 20. Rxb3 {[%clk 01:13:10]} {[%emt 00:00:13]} Be5 {[%clk 00:35:54]}
{[%emt 00:00:38]} 21. Qf2 {[%clk 01:12:43]} {[%emt 00:00:58]} Ra8 {[%clk
00:31:08]} {[%emt 00:05:16]} 22. Ne2 {[%clk 01:09:56]} {[%emt 00:03:15]} Bf6
{[%clk 00:25:56]} {[%emt 00:05:42]} 23. Nd4 {[%clk 01:07:25]} {[%emt 00:03:03]}
Bxd4 {[%clk 00:20:49]} {[%emt 00:05:37]} 24. Qxd4 {[%clk 01:07:30]} {[%emt
00:00:24]} Re5 {[%clk 00:19:53]} {[%emt 00:01:25]} 25. Qb6 {[%clk 01:07:23]}
{[%emt 00:00:39]} Qxb6 {[%clk 00:20:14]} {[%emt 00:00:10]} 26. Rxb6 {[%clk
01:07:45]} {[%emt 00:00:08]} Rb8 {[%clk 00:20:03]} {[%emt 00:00:40]} 27. Rf5
{[%clk 01:07:49]} {[%emt 00:00:26]} Rxf5 {[%clk 00:20:03]} {[%emt 00:00:31]}
28. exf5 {[%clk 01:08:09]} {[%emt 00:00:10]} Kf8 {[%clk 00:19:59]} {[%emt
00:00:33]} 29. b4 {[%clk 01:07:54]} {[%emt 00:00:45]} axb4 {[%clk 00:19:25]}
{[%emt 00:01:05]} 30. Rxb4 {[%clk 01:07:48]} {[%emt 00:00:36]} Ra8 {[%clk
00:18:03]} {[%emt 00:01:51]} 31. Rxb7 {[%clk 01:07:41]} {[%emt 00:00:38]} Rxa4
{[%clk 00:15:22]} {[%emt 00:03:11]} 32. Rb6 {[%clk 01:07:47]} {[%emt 00:00:25]}
Ke7 {[%clk 00:12:46]} {[%emt 00:03:05]} 33. Rxc6 {[%clk 01:08:05]} {[%emt
00:00:12]} Rf4 {[%clk 00:12:45]} {[%emt 00:00:30]} 34. g4 {[%clk 01:08:25]}
{[%emt 00:00:11]} h5 {[%clk 00:10:12]} {[%emt 00:03:03]} 35. Kg2 {[%clk
01:08:47]} {[%emt 00:00:09]} hxg4 {[%clk 00:09:40]} {[%emt 00:01:02]} 36. hxg4
{[%clk 01:06:10]} {[%emt 00:03:07]} Rxg4+ {[%clk 00:10:02]} {[%emt 00:00:08]}
37. Kf3 {[%clk 01:06:36]} {[%emt 00:00:04]} Rd4 {[%clk 00:08:39]} {[%emt
00:01:52]} 38. Ke3 {[%clk 01:06:40]} {[%emt 00:00:25]} Rh4 {[%clk 00:07:53]}
1/2-1/2

[Event "ODJM B 2024"]
[Site "Willingen GER"]
[Date "2024.05.22"]
[Round "6"]
[White "Klein, Tristan"]
[Black "Wilke, Ronja"]
[Result "1-0"]
[Termination "normal"]
[Board "42"]
[WhiteElo "1701"]
[BlackElo "1596"]
[WhiteClock "01:09:31"]
[BlackClock "00:55:38"]
[PlyCount "51"]
[WhiteFideId "34621210"]
[BlackFideId "16288378"]
[EventCountry "GER"]
[EventRounds "9"]
[EventType "swiss"]
[EventDate "2024.05.18"]

1. e4 {[%clk 01:30:57]} {[%emt 00:00:02]} c6 {[%clk 01:30:54]} {[%emt
00:00:07]} 2. d4 {[%clk 01:31:20]} {[%emt 00:00:06]} d5 {[%clk 01:31:15]}
{[%emt 00:00:10]} 3. Nc3 {[%clk 01:31:43]} {[%emt 00:00:07]} dxe4 {[%clk
01:31:30]} {[%emt 00:00:14]} 4. Nxe4 {[%clk 01:32:03]} {[%emt 00:00:10]} Bf5
{[%clk 01:31:48]} {[%emt 00:00:13]} 5. Ng3 {[%clk 01:32:21]} {[%emt 00:00:12]}
Bg6 {[%clk 01:31:58]} {[%emt 00:00:20]} 6. h4 {[%clk 01:32:41]} {[%emt
00:00:10]} h6 {[%clk 01:32:03]} {[%emt 00:00:26]} 7. Nf3 {[%clk 01:32:59]}
{[%emt 00:00:12]} Nd7 {[%clk 01:32:06]} {[%emt 00:00:26]} 8. Bd3 {[%clk
01:33:15]} {[%emt 00:00:13]} Bxd3 {[%clk 01:32:04]} {[%emt 00:00:33]} 9. Qxd3
{[%clk 01:33:36]} {[%emt 00:00:09]} e6 {[%clk 01:32:18]} {[%emt 00:00:17]} 10.
O-O {[%clk 01:33:38]} {[%emt 00:00:27]} Bd6 {[%clk 01:32:10]} {[%emt 00:00:39]}
11. Re1 {[%clk 01:33:42]} {[%emt 00:00:26]} Qc7 {[%clk 01:32:02]} {[%emt
00:00:38]} 12. Nf5 {[%clk 01:31:50]} {[%emt 00:02:22]} O-O-O {[%clk 01:29:06]}
{[%emt 00:03:27]} 13. Nxd6+ {[%clk 01:31:55]} {[%emt 00:00:25]} Qxd6 {[%clk
01:29:28]} {[%emt 00:00:08]} 14. g3 {[%clk 01:28:44]} {[%emt 00:03:39]} Qc7
{[%clk 01:24:07]} {[%emt 00:05:38]} 15. Bf4 {[%clk 01:28:31]} {[%emt 00:00:56]}
Qb6 {[%clk 01:23:41]} {[%emt 00:00:56]} 16. c4 {[%clk 01:28:20]} {[%emt
00:00:42]} c5 {[%clk 01:13:45]} {[%emt 00:10:26]} 17. dxc5 {[%clk 01:23:06]}
{[%emt 00:05:44]} Nxc5 {[%clk 01:13:47]} {[%emt 00:00:28]} 18. Qc3 {[%clk
01:22:54]} {[%emt 00:00:42]} Nf6 {[%clk 01:09:38]} {[%emt 00:04:40]} 19. b4
{[%clk 01:14:36]} {[%emt 00:08:48]} Nce4 {[%clk 01:09:23]} {[%emt 00:00:44]}
20. Qc2 {[%clk 01:09:17]} {[%emt 00:05:49]} Nd6 {[%clk 01:05:03]} {[%emt
00:04:51]} 21. c5 {[%clk 01:09:10]} {[%emt 00:00:37]} Qc7 {[%clk 01:02:08]}
{[%emt 00:03:16]} 22. Rac1 {[%clk 01:09:05]} {[%emt 00:00:42]} Nd5 {[%clk
00:56:00]} {[%emt 00:06:39]} 23. Bxd6 {[%clk 01:08:55]} {[%emt 00:00:41]} Rxd6
{[%clk 00:56:11]} {[%emt 00:00:19]} 24. cxd6 {[%clk 01:09:07]} {[%emt
00:00:18]} Qxc2 {[%clk 00:56:27]} {[%emt 00:00:13]} 25. Rxc2+ {[%clk 01:09:30]}
{[%emt 00:00:07]} Kd8 {[%clk 00:55:38]} {[%emt 00:01:20]} 26. Ne5 {[%clk
01:09:31]} {[%emt 00:00:28]} 1-0

[Event "ODJM B 2024"]
[Site "Willingen GER"]
[Date "2024.05.22"]
[Round "6"]
[White "Neumeier, Konstantin"]
[Black "Reif, Karla"]
[Result "1-0"]
[Termination "normal"]
[Board "43"]
[WhiteElo "1710"]
[BlackElo "1701"]
[WhiteClock "01:20:42"]
[BlackClock "00:47:44"]
[PlyCount "59"]
[WhiteFideId "34608230"]
[BlackFideId "12971871"]
[EventCountry "GER"]
[EventRounds "9"]
[EventType "swiss"]
[EventDate "2024.05.18"]

1. e4 {[%clk 01:30:57]} {[%emt 00:00:02]} c6 {[%clk 01:30:58]} {[%emt
00:00:03]} 2. d4 {[%clk 01:31:19]} {[%emt 00:00:07]} d5 {[%clk 01:31:24]}
{[%emt 00:00:04]} 3. e5 {[%clk 01:31:44]} {[%emt 00:00:05]} Bf5 {[%clk
01:31:47]} {[%emt 00:00:07]} 4. h4 {[%clk 01:32:07]} {[%emt 00:00:05]} h6
{[%clk 01:31:10]} {[%emt 00:01:09]} 5. g4 {[%clk 01:32:26]} {[%emt 00:00:10]}
Be4 {[%clk 01:30:54]} {[%emt 00:00:47]} 6. f3 {[%clk 01:32:50]} {[%emt
00:00:06]} Bh7 {[%clk 01:31:17]} {[%emt 00:00:07]} 7. Bd3 {[%clk 01:32:55]}
{[%emt 00:00:24]} Bxd3 {[%clk 01:31:40]} {[%emt 00:00:08]} 8. Qxd3 {[%clk
01:33:20]} {[%emt 00:00:04]} e6 {[%clk 01:31:40]} {[%emt 00:00:31]} 9. Nc3
{[%clk 01:33:25]} {[%emt 00:00:25]} Nd7 {[%clk 01:27:53]} {[%emt 00:04:17]} 10.
Bd2 {[%clk 01:32:30]} {[%emt 00:01:24]} a6 {[%clk 01:27:47]} {[%emt 00:00:37]}
11. f4 {[%clk 01:32:43]} {[%emt 00:00:17]} c5 {[%clk 01:25:14]} {[%emt
00:03:03]} 12. dxc5 {[%clk 01:32:07]} {[%emt 00:01:05]} Bxc5 {[%clk 01:24:23]}
{[%emt 00:01:22]} 13. Nf3 {[%clk 01:32:22]} {[%emt 00:00:15]} Qc7 {[%clk
01:23:36]} {[%emt 00:01:16]} 14. g5 {[%clk 01:32:29]} {[%emt 00:00:23]} Ne7
{[%clk 01:21:18]} {[%emt 00:02:49]} 15. Be3 {[%clk 01:31:47]} {[%emt 00:01:12]}
Nf5 {[%clk 01:16:05]} {[%emt 00:05:43]} 16. Bxc5 {[%clk 01:31:58]} {[%emt
00:00:19]} Qxc5 {[%clk 01:15:29]} {[%emt 00:01:05]} 17. O-O-O {[%clk 01:28:29]}
{[%emt 00:03:59]} Ke7 {[%clk 01:09:50]} {[%emt 00:06:09]} 18. Rd2 {[%clk
01:25:46]} {[%emt 00:03:12]} hxg5 {[%clk 01:06:16]} {[%emt 00:04:06]} 19. Nxg5
{[%clk 01:25:09]} {[%emt 00:01:06]} Rxh4 {[%clk 01:06:09]} {[%emt 00:00:37]}
20. Rxh4 {[%clk 01:24:55]} {[%emt 00:00:44]} Nxh4 {[%clk 01:06:35]} {[%emt
00:00:04]} 21. Nce4 {[%clk 01:24:54]} {[%emt 00:00:31]} Qb5 {[%clk 00:50:02]}
{[%emt 00:17:03]} 22. Qa3+ {[%clk 01:24:10]} {[%emt 00:01:15]} Kd8 {[%clk
00:48:09]} {[%emt 00:02:22]} 23. Nxf7+ {[%clk 01:24:13]} {[%emt 00:00:27]} Kc7
{[%clk 00:47:47]} {[%emt 00:00:52]} 24. Qd6+ {[%clk 01:22:16]} {[%emt
00:02:27]} Kc8 {[%clk 00:47:52]} {[%emt 00:00:24]} 25. Rd3 {[%clk 01:20:50]}
{[%emt 00:01:57]} b6 {[%clk 00:46:40]} {[%emt 00:01:39]} 26. Rc3+ {[%clk
01:20:25]} {[%emt 00:00:58]} Nc5 {[%clk 00:46:54]} {[%emt 00:00:15]} 27. Qd8+
{[%clk 01:20:29]} {[%emt 00:00:26]} Kb7 {[%clk 00:46:57]} {[%emt 00:00:27]} 28.
Ned6+ {[%clk 01:20:45]} {[%emt 00:00:14]} Ka7 {[%clk 00:47:22]} {[%emt
00:00:06]} 29. Qc7+ {[%clk 01:20:37]} {[%emt 00:00:35]} Nb7 {[%clk 00:47:44]}
{[%emt 00:00:11]} 30. Qxb7# {[%clk 01:20:42]} {[%emt 00:00:24]} 1-0

[Event "ODJM B 2024"]
[Site "Willingen GER"]
[Date "2024.05.22"]
[Round "6"]
[White "Mersmann, Jasmin"]
[Black "Böttcher, Tim"]
[Result "0-1"]
[Termination "normal"]
[Board "44"]
[WhiteElo "1486"]
[BlackElo "1699"]
[WhiteClock "00:56:02"]
[BlackClock "01:08:06"]
[PlyCount "72"]
[WhiteFideId "34630287"]
[BlackFideId "16278550"]
[EventCountry "GER"]
[EventRounds "9"]
[EventType "swiss"]
[EventDate "2024.05.18"]

1. e4 {[%clk 01:30:58]} {[%emt 00:00:01]} d5 {[%clk 01:30:53]} {[%emt
00:00:07]} 2. exd5 {[%clk 01:31:23]} {[%emt 00:00:05]} Qxd5 {[%clk 01:31:18]}
{[%emt 00:00:06]} 3. Nc3 {[%clk 01:31:41]} {[%emt 00:00:11]} Qd8 {[%clk
01:31:39]} {[%emt 00:00:10]} 4. f4 {[%clk 01:31:29]} {[%emt 00:00:42]} Nf6
{[%clk 01:31:33]} {[%emt 00:00:36]} 5. Bc4 {[%clk 01:31:41]} {[%emt 00:00:18]}
e6 {[%clk 01:31:10]} {[%emt 00:00:53]} 6. d3 {[%clk 01:32:03]} {[%emt
00:00:07]} Bd6 {[%clk 01:30:34]} {[%emt 00:01:06]} 7. Bd2 {[%clk 01:32:21]}
{[%emt 00:00:12]} b6 {[%clk 01:30:30]} {[%emt 00:00:35]} 8. Qe2 {[%clk
01:32:23]} {[%emt 00:00:26]} O-O {[%clk 01:30:12]} {[%emt 00:00:49]} 9. O-O-O
{[%clk 01:32:43]} {[%emt 00:00:10]} c5 {[%clk 01:28:50]} {[%emt 00:01:52]} 10.
Kb1 {[%clk 01:32:55]} {[%emt 00:00:18]} Qc7 {[%clk 01:28:28]} {[%emt 00:00:52]}
11. Rf1 {[%clk 01:32:40]} {[%emt 00:00:44]} Nc6 {[%clk 01:27:28]} {[%emt
00:01:32]} 12. Nb5 {[%clk 01:31:38]} {[%emt 00:01:31]} Qd7 {[%clk 01:26:25]}
{[%emt 00:01:34]} 13. Nf3 {[%clk 01:31:30]} {[%emt 00:00:37]} a6 {[%clk
01:24:23]} {[%emt 00:02:32]} 14. Nxd6 {[%clk 01:31:34]} {[%emt 00:00:26]} Qxd6
{[%clk 01:24:31]} {[%emt 00:00:22]} 15. Ne5 {[%clk 01:31:40]} {[%emt 00:00:24]}
Nd4 {[%clk 01:23:30]} {[%emt 00:01:31]} 16. Qf2 {[%clk 01:30:18]} {[%emt
00:01:51]} b5 {[%clk 01:22:49]} {[%emt 00:01:12]} 17. Bb3 {[%clk 01:30:22]}
{[%emt 00:00:26]} Bb7 {[%clk 01:22:18]} {[%emt 00:01:02]} 18. Be3 {[%clk
01:30:08]} {[%emt 00:00:43]} Nxb3 {[%clk 01:20:58]} {[%emt 00:01:50]} 19. axb3
{[%clk 01:30:17]} {[%emt 00:00:21]} Rfc8 {[%clk 01:21:05]} {[%emt 00:00:23]}
20. Rhg1 {[%clk 01:30:18]} {[%emt 00:00:29]} Bd5 {[%clk 01:20:18]} {[%emt
00:01:17]} 21. g4 {[%clk 01:29:54]} {[%emt 00:00:54]} c4 {[%clk 01:20:06]}
{[%emt 00:00:42]} 22. bxc4 {[%clk 01:27:30]} {[%emt 00:02:53]} bxc4 {[%clk
01:16:46]} {[%emt 00:03:52]} 23. dxc4 {[%clk 01:26:34]} {[%emt 00:01:26]} Bxc4
{[%clk 01:17:04]} {[%emt 00:00:11]} 24. Rd1 {[%clk 01:26:48]} {[%emt 00:00:15]}
Qb4 {[%clk 01:15:08]} {[%emt 00:02:27]} 25. Qd2 {[%clk 01:24:44]} {[%emt
00:02:33]} Qb5 {[%clk 01:14:10]} {[%emt 00:01:28]} 26. Nxc4 {[%clk 01:18:42]}
{[%emt 00:06:32]} Qxc4 {[%clk 01:14:12]} {[%emt 00:00:28]} 27. Qd3 {[%clk
01:17:03]} {[%emt 00:02:09]} Qc6 {[%clk 01:13:44]} {[%emt 00:00:57]} 28. Bd4
{[%clk 01:10:51]} {[%emt 00:06:42]} Nd5 {[%clk 01:13:03]} {[%emt 00:01:11]} 29.
f5 {[%clk 01:09:09]} {[%emt 00:02:13]} Nb4 {[%clk 01:11:59]} {[%emt 00:01:33]}
30. Qc3 {[%emt 00:05:25]} Nxc2 {[%clk 01:10:43]} {[%emt 00:00:02]} 31. Qxc6
{[%clk 00:58:32]} {[%emt 00:07:57]} Rxc6 {[%clk 01:10:47]} {[%emt 00:00:25]}
32. fxe6 {[%clk 00:58:31]} {[%emt 00:00:30]} fxe6 {[%clk 01:09:59]} {[%emt
00:01:19]} 33. Bc3 {[%clk 00:57:54]} {[%emt 00:01:08]} Ne3 {[%clk 01:07:37]}
{[%emt 00:02:50]} 34. Rd7 {[%clk 00:56:26]} {[%emt 00:01:59]} Nd5 {[%clk
01:07:37]} {[%emt 00:00:29]} 35. Rxg7+ {[%clk 00:56:38]} {[%emt 00:00:20]} Kh8
{[%clk 01:07:47]} {[%emt 00:00:20]} 36. Ra7+ {[%clk 00:56:02]} {[%emt
00:01:04]} Nxc3+ {[%clk 01:08:06]} {[%emt 00:00:12]} 0-1

[Event "ODJM B 2024"]
[Site "Willingen GER"]
[Date "2024.05.22"]
[Round "6"]
[White "Jung, Marcel"]
[Black "Ottlik, Marie"]
[Result "1/2-1/2"]
[Termination "normal"]
[Board "45"]
[WhiteElo "1709"]
[BlackElo "1640"]
[WhiteClock "00:45:46"]
[BlackClock "00:03:37"]
[PlyCount "75"]
[WhiteFideId "34673881"]
[BlackFideId "16281730"]
[EventCountry "GER"]
[EventRounds "9"]
[EventType "swiss"]
[EventDate "2024.05.18"]

1. e4 {[%clk 01:30:47]} {[%emt 00:00:12]} c5 {[%clk 01:30:51]} {[%emt
00:00:10]} 2. Nf3 {[%clk 01:31:09]} {[%emt 00:00:08]} d6 {[%clk 01:31:15]}
{[%emt 00:00:05]} 3. d3 {[%clk 01:31:32]} {[%emt 00:00:07]} Nf6 {[%clk
01:30:50]} {[%emt 00:00:56]} 4. g3 {[%clk 01:31:56]} {[%emt 00:00:06]} g6
{[%clk 01:30:51]} {[%emt 00:00:29]} 5. Bg2 {[%clk 01:32:17]} {[%emt 00:00:09]}
Bg7 {[%clk 01:30:18]} {[%emt 00:01:03]} 6. e5 {[%clk 01:30:09]} {[%emt
00:02:38]} Ng4 {[%clk 01:27:00]} {[%emt 00:03:49]} 7. exd6 {[%clk 01:29:24]}
{[%emt 00:01:14]} Qxd6 {[%clk 01:22:06]} {[%emt 00:05:24]} 8. O-O {[%clk
01:28:36]} {[%emt 00:01:18]} O-O {[%clk 01:20:00]} {[%emt 00:02:36]} 9. h3
{[%clk 01:28:17]} {[%emt 00:00:49]} Nf6 {[%clk 01:19:07]} {[%emt 00:01:24]} 10.
Bf4 {[%emt 00:04:04]} Qd8 {[%clk 01:17:33]} 11. Nc3 {[%clk 01:26:05]} {[%emt
00:01:13]} Nc6 {[%clk 01:08:46]} {[%emt 00:09:16]} 12. Re1 {[%clk 01:23:53]}
{[%emt 00:02:42]} Nh5 {[%clk 00:49:50]} {[%emt 00:19:25]} 13. Be3 {[%clk
01:20:40]} {[%emt 00:03:44]} Nd4 {[%clk 00:44:42]} {[%emt 00:05:38]} 14. g4
{[%clk 01:11:18]} {[%emt 00:09:51]} Nf6 {[%clk 00:41:05]} {[%emt 00:04:07]} 15.
Qd2 {[%clk 01:09:53]} {[%emt 00:01:56]} Re8 {[%clk 00:35:17]} {[%emt 00:06:17]}
16. Bh6 {[%clk 01:08:50]} {[%emt 00:01:33]} Bd7 {[%clk 00:32:12]} {[%emt
00:03:34]} 17. Bxg7 {[%clk 01:09:00]} {[%emt 00:00:22]} Kxg7 {[%clk 00:32:32]}
{[%emt 00:00:10]} 18. Ne5 {[%clk 01:02:29]} {[%emt 00:07:02]} Bc6 {[%clk
00:25:59]} {[%emt 00:07:03]} 19. Nxc6 {[%clk 01:02:38]} {[%emt 00:00:20]} Nxc6
{[%clk 00:26:22]} {[%emt 00:00:06]} 20. a4 {[%clk 01:01:43]} {[%emt 00:01:26]}
a6 {[%clk 00:23:33]} {[%emt 00:03:20]} 21. Ne4 {[%clk 00:57:58]} {[%emt
00:04:14]} Nxe4 {[%clk 00:21:51]} {[%emt 00:02:12]} 22. Bxe4 {[%clk 00:56:58]}
{[%emt 00:01:30]} Qd6 {[%clk 00:19:22]} {[%emt 00:02:59]} 23. Qc3+ {[%clk
00:55:45]} {[%emt 00:01:43]} Kg8 {[%clk 00:19:00]} {[%emt 00:00:52]} 24. Reb1
{[%clk 00:50:14]} {[%emt 00:06:01]} Rab8 {[%clk 00:15:14]} {[%emt 00:04:16]}
25. Bxc6 {[%clk 00:46:27]} {[%emt 00:04:17]} Qxc6 {[%clk 00:14:46]} {[%emt
00:00:58]} 26. Re1 {[%clk 00:46:52]} {[%emt 00:00:05]} Rbc8 {[%clk 00:13:25]}
{[%emt 00:01:51]} 27. Re4 {[%clk 00:47:12]} {[%emt 00:00:09]} Qf6 {[%clk
00:09:40]} {[%emt 00:04:15]} 28. Qxf6 {[%clk 00:47:18]} {[%emt 00:00:24]} exf6
{[%clk 00:10:04]} {[%emt 00:00:06]} 29. Rae1 {[%clk 00:47:44]} {[%emt
00:00:04]} Kf8 {[%clk 00:09:52]} {[%emt 00:00:42]} 30. Kg2 {[%clk 00:48:08]}
{[%emt 00:00:06]} Rxe4 {[%clk 00:07:57]} {[%emt 00:02:26]} 31. Rxe4 {[%clk
00:48:31]} {[%emt 00:00:07]} Re8 {[%clk 00:07:59]} {[%emt 00:00:28]} 32. Kf3
{[%clk 00:48:37]} {[%emt 00:00:24]} Re6 {[%clk 00:03:06]} {[%emt 00:05:23]} 33.
Rxe6 {[%clk 00:48:07]} {[%emt 00:01:01]} fxe6 {[%clk 00:03:35]} {[%emt
00:00:01]} 34. Ke4 {[%clk 00:48:30]} {[%emt 00:00:07]} Ke7 {[%clk 00:03:26]}
{[%emt 00:00:40]} 35. f4 {[%clk 00:48:47]} {[%emt 00:00:11]} Kd6 {[%clk
00:03:19]} {[%emt 00:00:38]} 36. f5 {[%clk 00:48:57]} {[%emt 00:00:20]} exf5+
{[%clk 00:03:19]} {[%emt 00:00:30]} 37. gxf5 {[%clk 00:49:20]} {[%emt
00:00:07]} g5 {[%clk 00:03:37]} {[%emt 00:00:12]} 38. c3 {[%clk 00:45:46]}
{[%emt 00:04:01]} 1/2-1/2